[Event "Olympiad"]
[Site "masterchessopen.com Buenos Aires (Argentina)"]
[Round "1"]
[White "Szmacinska Grazyna (POL)"]
[Black "Jackson Sheila (ENG)"]
[Result "1-0"]
[WhiteElo "2181"]
[BlackElo "2162"]

1.d4 Nf6 2.c4 e6 3.Nc3 Bb4 4.e3 O-O 5.Bd3 c5 6.a3 Bxc3+ 7.bxc3 Nc6 8.Ne2 b6
9.Ng3 Ba6 10.O-O d6 11.e4 cxd4 12.cxd4 Nxd4 13.Bb2 Nc6 14.f4 e5 15.Qf3 exf4
16.Qxf4 Ne5 17.Nf5 Nh5 18.Qe3 Bxc4 19.Bxe5 Bxd3 20.Bb2 Bxf1 21.Rxf1 Rc8 22.g4
f6 23.gxh5 Qd7 24.Qg3 Rce8 25.h6 g6 26.Nxd6 Re6 27.e5 fxe5 28.Rxf8+ Kxf8
29.Bxe5 Qe7 30.Qf3+ Kg8 31.Qa8+ Qf8 32.Qd5 Qe7 33.Ne4 Kf7 34.Bd6 Qh4 35.Ng5+
Qxg5+ 36.Qxg5 Rxd6 37.Qf4+ Ke6 38.Qc4+ {#r} 1-0

[Event "Ch OWL"]
[Site "masterchessopen.com Horn (Germany)"]
[Round "1"]
[White "Flockert Ruediger (GER)"]
[Black "Kreie Guenther (GER)"]
[Result "1-0"]
[WhiteElo "2140"]
[BlackElo "1939"]

1.d4 Nf6 2.c4 e6 3.Nc3 Bb4 4.a3 Bxc3+ 5.bxc3 c5 6.e3 Nc6 7.Bd3 O-O 8.Ne2 b6
9.O-O Ba6 10.e4 Ne8 11.e5 f5 12.exf6 Qxf6 13.Ng3 Qf7 14.Ne4 Nf6 15.Ng5 Qe7
16.Re1 Nd8 17.Qc2 h6 18.Nf3 d6 19.d5 e5 20.Nh4 e4 21.Bxe4 Nxe4 22.Rxe4 Qd7
23.Bd2 Nf7 24.Ng6 Rfe8 25.Rae1 Ne5 26.Nxe5 dxe5 27.Rxe5 Bxc4 28.Qg6 Rxe5
29.Rxe5 Qf7 30.Qe4 Rf8 31.f3 b5 32.d6 Qd7 33.Be3 Qxd6 34.Bxc5 Qd1+ 35.Kf2 Qd2+
36.Kg3 Rd8 37.Bd4 Bd3 38.Qg4 Bf1 39.Re8+ {#r} 1-0

[Event "It (open)"]
[Site "masterchessopen.com Copenhagen (Denmark)"]
[Round "0"]
[White "Pliester Leon (NED)"]
[Black "Taulbut Shaun M (ENG)"]
[Result "0-1"]
[WhiteElo "2300"]
[BlackElo "2376"]

1.d4 Nf6 2.c4 e6 3.Nc3 Bb4 4.e3 c5 5.Bd3 Nc6 6.a3 Bxc3+ 7.bxc3 O-O 8.Ne2 e5
9.O-O e4 10.Bb1 d5 11.cxd5 Qxd5 12.Ng3 Bg4 13.f3 exf3 14.gxf3 Bh3 15.Re1 cxd4
16.cxd4 Rad8 17.Ba2 Qd7 18.Bb2 Be6 19.Bb1 Qc7 20.Qc2 Rfe8 21.Nh5 Nxh5 22.Qxh7+
Kf8 23.Qxh5 Rd5 24.Qh4 Qa5 25.f4 Rb5 26.Bc1 Qc3 27.a4 Rh5 28.Bb2 Qxb2 29.Qxh5
Qxa1 30.d5 Qc3 31.Qh8+ Ke7 32.Qh4+ g5 33.Qxg5+ f6 34.Qg7+ Kd6 35.Kf2 Rg8
36.Qxb7 Qd2+ 37.Re2 Rg2+ 38.Kxg2 Qxe2+ {#R} 0-1

[Event "Ch URS (1 liga)"]
[Site "masterchessopen.com Tallinn (Estonia)"]
[Round "0"]
[White "Balashov Yuri S (RUS)"]
[Black "Gavrikov Viktor (LTU)"]
[Result "1-0"]
[WhiteElo "2545"]
[BlackElo "2485"]

1.d4 Nf6 2.c4 e6 3.Nc3 Bb4 4.e3 c5 5.Bd3 Nc6 6.a3 Bxc3+ 7.bxc3 O-O 8.Nf3 d6
9.e4 Qa5 10.Bd2 e5 11.O-O h6 ( 11...Bg4 12.d5 Ne7 13.h3 Bh5 14.Bg5 { ? } )
12.Ne1 Qd8 13.d5 Ne7 14.Nc2 Bd7 { ? } ( 14...Ne8 { !? } 15.f4 exf4 16.Bxf4 Ng6
17.Bg3 Ne5 ) 15.Ne3 Qc8 { ?! } ( { ? } 15...Ng6 ) 16.a4 Ng4 17.Nxg4 Bxg4 18.f3
Bd7 19.f4 { ! } 19...exf4 20.Bxf4 Qb8 21.Qh5 Ng6 22.Bxh6 { ! } 22...gxh6 23.e5
{ ! } 23...Nxe5 ( 23...dxe5 24.Rf6 { ! } 24...Be8 25.Qxh6 Qd8 26.Raf1 ) (
23...Kg7 24.e6 Be8 25.exf7 Bxf7 26.Rxf7+ Rxf7 27.Qxg6+ Kf8 28.Re1 Qd8 29.Qxh6+
Kg8 30.Re3 Rg7 31.Qe6+ { +?? } ) 24.Rf6 { ! } 24...Rc8 25.Rxh6 f5 ( 25...Kf8
26.Qg5 ) 26.Qg5+ {#r} 1-0

[Event "It (cat.15)"]
[Site "masterchessopen.com Tilburg (Netherlands)"]
[Round "6"]
[White "Timman Jan H (NED)"]
[Black "Polugaevsky Lev A (RUS)"]
[Result "0-1"]
[WhiteElo "2605"]
[BlackElo "2620"]

1.d4 Nf6 2.c4 e6 3.Nc3 Bb4 4.e3 c5 5.Bd3 O-O 6.a3 Bxc3+ 7.bxc3 Nc6 8.Ne2 b6
9.e4 Ne8 10.O-O Ba6 11.f4 Na5 12.f5 f6 13.Nf4 cxd4 14.Qh5 exf5 15.exf5 Nd6
16.Rf3 Qe8 17.Ng6 Bxc4 18.Bf4 Bxd3 19.Rh3 Bxf5 20.Qxh7+ Kf7 21.Rg3 Ne4 22.Ne5+
Ke6 {#R} 0-1

[Event "It (open)"]
[Site "masterchessopen.com Caorle (Italy)"]
[Round "5"]
[White "Moyse Nigel John (WLS)"]
[Black "Porubszki Georg (GER)"]
[Result "0-1"]
[WhiteElo "2062"]
[BlackElo "1947"]

1.d4 Nf6 2.c4 e6 3.Nc3 Bb4 4.a3 Bxc3+ 5.bxc3 c5 6.e3 O-O 7.Bd3 Nc6 8.Nf3 d6
9.O-O e5 10.Bc2 Qe7 11.h3 b6 12.d5 Na5 13.Nd2 Ba6 14.Bb3 e4 15.f3 exf3 16.Rxf3
Nd7 17.Rg3 Ne5 18.Ba2 Qh4 19.Qe1 Kh8 20.Nf3 Nxf3+ 21.gxf3 Bxc4 22.Bxc4 Nxc4
23.Kh2 f5 24.Qg1 Qf6 25.Ra2 Rae8 26.Rag2 Rf7 27.Kh1 Qxc3 28.e4 f4 29.Bxf4 Rxf4
30.Rxg7 Qxf3 31.Rg3 Qxe4 32.Kh2 Rff8 33.Qc1 Ne3 34.Qc3+ Qd4 {#R} 0-1

[Event "Ch DDR"]
[Site "masterchessopen.com Eilenburg (Germany)"]
[Round "8"]
[White "Steudtmann Christian (GER)"]
[Black "Tischbierek Raj (GER)"]
[Result "0-1"]
[WhiteElo "2268"]
[BlackElo "2450"]

1.d4 Nf6 2.c4 e6 3.Nc3 Bb4 4.a3 Bxc3+ 5.bxc3 c5 6.e3 O-O 7.Bd3 Nc6 8.Ne2 b6
9.e4 Ne8 10.e5 Ba6 11.Ng3 Na5 12.Qe2 cxd4 13.Ne4 Qc8 14.Bg5 Bxc4 15.Be7 Bxd3
16.Qxd3 f5 17.exf6 Rf7 18.Ng5 Qxc3+ 19.Ke2 Qxd3+ 20.Kxd3 gxf6 21.Nxf7 Kxf7
22.Bb4 Nc6 23.f4 Nc7 24.Rhf1 a5 25.Bd2 Rg8 26.Rf2 Na6 27.Rb1 Nc5+ 28.Kc4 Rb8
29.Rxb6 Rxb6 30.Kxc5 Rb2 31.a4 Rc2+ 32.Kb5 d3 33.g4 Kg8 34.Kb6 e5 35.fxe5 fxe5
36.Kc7 e4 {#R} 0-1

[Event "Ch URS"]
[Site "masterchessopen.com Lvov (Ukraine)"]
[Round "0"]
[White "Chekhov Valery A (RUS)"]
[Black "Sokolov Andrei (FRA)"]
[Result "0-1"]
[WhiteElo "2520"]
[BlackElo "2505"]

1.d4 Nf6 2.c4 e6 3.Nc3 Bb4 4.e3 O-O 5.Bd3 c5 6.a3 Bxc3+ 7.bxc3 Nc6 8.Ne2 b6
9.e4 Ne8 10.e5 Ba6 11.Be3 d6 12.Qc2 dxe5 13.Bxh7+ Kh8 14.Be4 cxd4 15.cxd4 Rc8
16.Rd1 Qc7 17.O-O Nd6 18.dxe5 Nxe5 19.Rd4 f5 20.Bd3 Nxd3 21.Qxd3 Bxc4 22.Qd1
e5 23.Rh4+ Kg8 24.Ng3 Bxf1 25.Nxf1 f4 26.Qh5 Qc2 27.Bd2 Qf5 28.Qd1 Rfd8 29.Bb4
Nf7 30.Qa1 Qc2 {#R} 0-1

[Event "It"]
[Site "masterchessopen.com Omsk (Russia)"]
[Round "5"]
[White "Korzubov Peter (BLR)"]
[Black "Kharitonov Andrei V (RUS)"]
[Result "0-1"]
[WhiteElo "2460"]
[BlackElo "2460"]

1.d4 Nf6 2.c4 e6 3.Nc3 Bb4 4.e3 O-O 5.Bd3 c5 6.a3 Bxc3+ 7.bxc3 Nc6 8.Ne2 b6
9.e4 Ne8 10.O-O Ba6 11.f4 f5 12.exf5 exf5 13.dxc5 bxc5 14.Ng3 Ne7 15.Be3 Qc7
16.Re1 Nd6 17.Bf2 Ng6 18.Nh5 Bb7 19.Bg3 Qc6 20.Qd2 Ne4 21.Bxe4 fxe4 22.Re3 Rf5
23.Qe2 Nf8 24.Bh4 Qg6 25.Bg5 Ne6 26.Rd1 Nxg5 27.fxg5 Bc6 28.h4 Raf8 29.Re1 Kh8
30.Ng3 Rf4 31.Rf1 Kg8 32.Rxf4 Rxf4 33.Qe1 Qe6 34.Nh5 Rf8 35.Qe2 Qd6 36.g3 Rb8
37.Nf4 Rb1+ 38.Kh2 Qd1 39.Qxd1 Rxd1 40.g6 hxg6 41.Nxg6 Rd3 42.Re2 e3 43.Ne7+
Kf7 44.Nxc6 Rd2 {#R} 0-1

[Event "It (cat.9)"]
[Site "masterchessopen.com Polanica Zdroj (Poland)"]
[Round "14"]
[White "Cvitan Ognjen (CRO)"]
[Black "Gruenberg Hans-Ulrich (GER)"]
[Result "1-0"]
[WhiteElo "2450"]
[BlackElo "2470"]

1.d4 Nf6 2.c4 e6 3.Nc3 Bb4 4.e3 c5 5.a3 Bxc3+ 6.bxc3 Nc6 7.Bd3 O-O 8.Ne2 b6
9.e4 Ne8 10.O-O Ba6 11.f4 Na5 12.f5 f6 13.Rf3 cxd4 14.Rh3 exf5 15.exf5 Nd6
16.Bf4 Nf7 17.Nxd4 Bxc4 18.Be4 Nc6 19.Qh5 h6 20.Rg3 Nxd4 21.cxd4 d5 22.Bf3 Qd7
23.h4 Kh8 24.Qg6 Rg8 25.Re1 Raf8 26.Qh5 Bd3 27.Re6 Re8 28.Bg4 Be4 29.Bh3 Rc8
30.Rg6 Rc6 31.Bxh6 gxh6 32.Rxh6+ Nxh6 33.Qxh6+ Qh7 34.Qxf6+ Qg7 35.Qxg7+ Rxg7
36.Rxc6 Rb7 37.g4 a5 38.a4 b5 39.axb5 Rxb5 40.f6 {#r} 1-0

[Event "?"]
[Site "masterchessopen.com URS"]
[Round "0"]
[White "Balashov Yuri S (RUS)"]
[Black "Novikov Igor A (USA)"]
[Result "1-0"]
[WhiteElo "2510"]
[BlackElo "2465"]

1.d4 Nf6 2.c4 e6 3.Nc3 Bb4 4.e3 c5 5.Bd3 Nc6 6.a3 Bxc3+ 7.bxc3 O-O 8.Nf3 d6
9.e4 e5 10.d5 Ne7 11.h3 Ng6 12.g3 h6 13.Be3 Nh7 14.Nd2 Qa5 15.Qc2 Qc7 16.Ke2
Ne7 17.Rag1 f5 18.exf5 Bxf5 19.g4 Bxd3+ 20.Qxd3 Rf7 21.h4 Nf8 22.h5 Nh7 23.Ne4
Kh8 24.g5 hxg5 25.Bxg5 Nf5 26.Bd2 Raf8 27.h6 g5 28.Bxg5 Rg8 29.Bd2 Rxg1
30.Rxg1 Rf8 31.Qh3 Qf7 32.Qg4 Rg8 33.Qxg8+ Qxg8 34.Rxg8+ Kxg8 35.f4 Kf7
36.fxe5 dxe5 37.Kf3 Nf6 38.Nxf6 Kxf6 39.h7 Kg7 40.Ke4 Nd6+ 41.Kxe5 Nxc4+
42.Ke6 {#r} 1-0

[Event "Ch Scotland"]
[Site "masterchessopen.com St. Andrews (Scotland)"]
[Round "3"]
[White "Muir Andrew J (SCO)"]
[Black "Motwani Paul (SCO)"]
[Result "0-1"]
[WhiteElo "2311"]
[BlackElo "2494"]

1.d4 Nf6 2.c4 e6 3.Nc3 Bb4 4.e3 c5 5.Bd3 Nc6 6.a3 Bxc3+ 7.bxc3 O-O 8.Ne2 b6
9.e4 Ne8 10.e5 Ba6 11.Ng3 d5 12.exd6 Nxd6 13.dxc5 Nxc4 14.cxb6 Nb2 15.Bxb2
Bxd3 16.bxa7 Rxa7 17.Ne2 Rd7 18.c4 Bxe2 19.Qxe2 Qa5+ 20.Kf1 Rd2 21.Qf3 Rxb2
22.Qxc6 Qf5 23.Qf3 Rb1+ 24.Ke2 Qc2+ 25.Ke3 Rb3+ {#R} 0-1

[Event "Ch Club"]
[Site "masterchessopen.com Espoo (Finland)"]
[Round "9"]
[White "Hurme Harri M (FIN)"]
[Black "Kekki Jorma (FIN)"]
[Result "0-1"]
[WhiteElo "2258"]
[BlackElo "2100"]

1.d4 e6 2.c4 Nf6 3.Nc3 Bb4 4.e3 c5 5.a3 Bxc3+ 6.bxc3 Nc6 7.Bd3 O-O 8.Ne2 d5
9.cxd5 Qxd5 10.e4 Qd8 11.e5 Nd5 12.O-O b6 13.Qc2 h6 14.Qa4 Bd7 15.Qd1 Qh4
16.f4 cxd4 17.cxd4 Rfd8 18.Rf3 f5 19.exf6 Qxf6 20.Bb1 Be8 21.g4 Bg6 22.f5 exf5
23.Bxf5 Bxf5 24.Rxf5 Qe6 25.Qd3 Nf6 26.g5 Ne4 27.Rf1 Qg4+ 28.Kh1 Nxd4 29.Nxd4
Rxd4 30.Qb3+ Kh8 31.Bb2 Nd2 32.Qg3 Nxf1 33.Qxg4 Rxg4 34.Rxf1 Rxg5 {#R} 0-1

[Event "Ch World (juniors) (under 20)"]
[Site "masterchessopen.com Gausdal (Norway)"]
[Round "1"]
[White "Ker Anthony F (NZL)"]
[Black "Hellers Ferdinand (SWE)"]
[Result "0-1"]
[WhiteElo "2344"]
[BlackElo "2440"]

1.d4 Nf6 2.c4 e6 3.Nc3 Bb4 4.e3 c5 5.a3 Bxc3+ 6.bxc3 Nc6 7.Bd3 O-O 8.Ne2 b6
9.e4 Ne8 10.O-O Ba6 11.f4 Na5 12.f5 f6 13.Nf4 cxd4 14.cxd4 exf5 15.exf5 Bxc4
16.Bxc4+ Nxc4 17.Qh5 Ned6 18.Ng6 Qe8 19.g4 Rf7 20.Ra2 Qe4 21.Rg2 Qxd4+ 22.Kh1
Re8 23.Rg3 Qd5+ 24.Kg1 hxg6 25.Qxg6 Re2 26.g5 Ne4 27.Rh3 Nxg5 28.Rg3 Ne4
29.Rh3 Qd4+ {#R} 0-1

[Event "Ch World (juniors) (under 20)"]
[Site "masterchessopen.com Gausdal (Norway)"]
[Round "3"]
[White "McMahon Eric (IRL)"]
[Black "Gil Capape Javier (AUS)"]
[Result "0-1"]
[WhiteElo "2205"]
[BlackElo "2300"]

1.d4 Nf6 2.c4 e6 3.Nc3 Bb4 4.a3 Bxc3+ 5.bxc3 c5 6.e3 Nc6 7.Bd3 O-O 8.Ne2 b6
9.O-O Ba6 10.Ng3 Na5 11.e4 Bxc4 12.Bxc4 Nxc4 13.f4 d5 14.Qe2 Na5 15.e5 Ne4
16.f5 Nxg3 17.hxg3 exf5 18.Rxf5 Qd7 19.Qf2 cxd4 20.cxd4 Nb3 21.Rb1 Nxd4 22.Rf4
Nc6 23.Bb2 Rae8 24.Re1 Re6 25.a4 Qe7 26.Rf5 f6 27.Qf3 Qd7 28.Rf1 d4 29.Qb3 Qf7
30.exf6 Rxf6 31.Rxf6 gxf6 32.Qb5 Qe6 33.Bc1 Rd8 34.Qh5 d3 35.Bd2 Nd4 {#R} 0-1

[Event "It (open) \"]
[Site "masterchessopen.com Chicago (USA)"]
[Round "2"]
[White "Chachere Lawrence (USA)"]
[Black "Kudrin Sergey (USA)"]
[Result "0-1"]
[WhiteElo "2305"]
[BlackElo "2515"]

1.d4 Nf6 2.c4 e6 3.Nc3 Bb4 4.e3 O-O 5.a3 Bxc3+ 6.bxc3 c5 7.Bd3 Nc6 8.Ne2 b6
9.e4 Ne8 10.O-O Ba6 11.f4 f5 12.exf5 exf5 13.Ng3 g6 14.dxc5 bxc5 15.Be3 Qa5
16.Bxf5 gxf5 17.Qxd7 Qc7 18.Qd5+ Kh8 19.Qxc5 Qd6 20.Rfd1 Qxc5 21.Bxc5 Rf7
22.Rd5 Bxc4 23.Rxf5 Nf6 24.Rd1 Be6 25.Rxf6 Rxf6 26.Rd6 Rc8 27.f5 Rxf5 28.Nxf5
Bxf5 29.Rd5 Be4 30.Rd7 Kg8 31.Be3 Rb8 32.Bh6 Ne5 33.Rg7+ Kh8 34.Rg5 Ng6 35.Rc5
Kg8 36.Rc7 Rb7 37.Rc4 Rb1+ 38.Kf2 Rb2+ 39.Ke3 Bxg2 40.Rc8+ Kf7 41.Rc7+ Ke6
42.Rxh7 a6 43.Rg7 Ne7 44.Rh7 Nf5+ 45.Kf4 Kf6 46.Rh8 Kg6 47.Bf8 Rf2+ 48.Kg4
Ne3+ 49.Kh4 Rf4+ {#R} 0-1

[Event "Ch China"]
[Site "masterchessopen.com China"]
[Round "0"]
[White "Ji Yunqi (CHN)"]
[Black "Zhang Weida (CHN)"]
[Result "0-1"]
[WhiteElo "2327"]
[BlackElo "2420"]

1.d4 Nf6 2.c4 e6 3.Nc3 Bb4 4.a3 Bxc3+ 5.bxc3 c5 6.e3 Nc6 7.Bd3 O-O 8.Ne2 b6
9.e4 Ne8 10.Be3 Ba6 11.dxc5 Ne5 12.cxb6 axb6 13.Bd4 Nxc4 14.Bxc4 Bxc4 15.O-O
Qc7 16.e5 f6 17.f4 d6 18.exd6 Nxd6 19.Rf3 Nf5 20.Ng3 Nh4 21.Rf2 e5 22.Be3 Ng6
23.f5 Ne7 24.Qg4 Nd5 25.Bh6 b5 26.Nh5 Rf7 27.Qg3 Kh8 28.Bd2 Qc5 29.h3 Be2
30.Qh4 Bxh5 31.Qxh5 Re7 32.Qd1 e4 33.Kh1 Qxf2 34.Be1 Qf1+ 35.Kh2 Ne3 {#R} 0-1

[Event "It (open) \"]
[Site "masterchessopen.com Farum (Denmark)"]
[Round "2"]
[White "Way J"]
[Black "Nielsen Henning (DEN)"]
[Result "0-1"]
[WhiteElo "2300"]
[BlackElo "2113"]

1.d4 Nf6 2.c4 e6 3.Nc3 Bb4 4.e3 O-O 5.a3 Bxc3+ 6.bxc3 c5 7.Bd3 Nc6 8.Ne2 d6
9.O-O e5 10.e4 Re8 11.d5 Nb8 12.Bg5 Nbd7 13.Ng3 h6 14.Bxh6 gxh6 15.Nf5 Kh7
16.Qd2 Ng8 17.Nxd6 Rf8 18.f4 f6 19.Qe2 Nb6 20.fxe5 fxe5 21.Nf7 Qe7 22.Qh5 Bg4
23.Qxe5 Rxf7 24.Rxf7+ Qxf7 25.Rf1 Qg7 26.Qd6 Nd7 27.e5+ Kh8 28.e6 Ne5 29.Bc2
b6 30.Re1 Nxc4 31.Qf4 Qxc3 32.Qf2 Rf8 33.Qh4 Qxc2 34.h3 Bh5 35.e7 Nxe7 36.Rxe7
Qd1+ 37.Re1 Qxd5 {#R} 0-1

[Event "It \"]
[Site "masterchessopen.com London (England)"]
[Round "0"]
[White "Dickenson Neil F (ENG)"]
[Black "Karolyi Tibor Jr (HUN)"]
[Result "0-1"]
[WhiteElo "2245"]
[BlackElo "2435"]

1.d4 Nf6 2.c4 e6 3.Nc3 Bb4 4.e3 c5 5.a3 Bxc3+ 6.bxc3 Nc6 7.Bd3 O-O 8.Ne2 b6
9.O-O Ba6 10.e4 Ne8 11.f4 f6 12.f5 Qe7 13.Nf4 Qf7 14.Be3 e5 15.dxe5 Nxe5
16.Be2 Bxc4 17.Bh5 Qe7 18.Re1 Nc7 19.Bf2 Rfd8 20.Qc2 Bf7 21.Bg3 d6 22.Kh1 Bxh5
23.Nxh5 Qf7 24.Qe2 Rd7 25.Rad1 Re8 26.Bh4 d5 27.exd5 Rxd5 28.Bg3 Nd3 29.Nxf6+
Qxf6 30.Qa2 Rxe1+ {#R} 0-1

[Event "Ch Scotland"]
[Site "masterchessopen.com Hamilton (Scotland)"]
[Round "4"]
[White "Pyrich George (SCO)"]
[Black "Morrison Graham (SCO)"]
[Result "0-1"]
[WhiteElo "2014"]
[BlackElo "2339"]

1.d4 Nf6 2.c4 e6 3.Nc3 Bb4 4.e3 O-O 5.a3 Bxc3+ 6.bxc3 c5 7.Bd3 Nc6 8.Ne2 b6
9.e4 Ne8 10.O-O Ba6 11.f4 f5 12.Ng3 g6 13.Be3 Nd6 14.dxc5 Nxc4 15.Bxc4 Bxc4
16.Rf2 b5 17.Rd2 Rf7 18.a4 Rb8 19.axb5 Rxb5 20.Rb1 a6 21.Rxb5 axb5 22.exf5
exf5 23.Qf3 Qa5 24.Bf2 Re7 25.h3 Qa1+ 26.Qd1 Qxd1+ 27.Rxd1 Kf7 28.Rd6 Ke8
29.h4 Re6 30.Rd1 Ne7 31.Bd4 Nd5 32.Be5 Rc6 33.Ra1 Rc8 34.h5 Kf7 35.hxg6+ hxg6
36.Kf2 Rxc5 37.Ra8 Nf6 38.Ra6 Ng4+ 39.Kf3 Bd5+ 40.Ke2 Nxe5 41.fxe5 Rxc3 {#R}
0-1

[Event "?"]
[Site "masterchessopen.com Barcelona (Spain)"]
[Round "0"]
[White "Vehi Bach Victor M (ESP)"]
[Black "Campos Lopez Mario (MEX)"]
[Result "0-1"]
[WhiteElo "2385"]
[BlackElo "2346"]

1.d4 Nf6 2.c4 e6 3.Nc3 Bb4 4.a3 Bxc3+ 5.bxc3 c5 6.e3 Nc6 7.Bd3 O-O 8.Ne2 b6
9.e4 Ne8 10.Be3 Ba6 11.dxc5 bxc5 12.Bxc5 d6 13.Be3 Ne5 14.O-O Qc7 15.Re1 Nf6
16.Bg5 Nfd7 17.Nd4 h6 18.Bh4 Nxd3 19.Qxd3 Ne5 20.Qh3 Bxc4 21.f4 Ng6 22.f5 Nxh4
23.Qxh4 e5 24.Nc2 f6 25.Ne3 Rfd8 26.Ng4 Kf7 27.Re3 Qc5 28.Kh1 Ke7 29.Rg3 Bf7
30.Ne3 Rab8 31.Nd5+ Bxd5 32.exd5 Kf8 33.c4 Rd7 34.Qg4 Rb2 35.h3 Rdb7 36.Kh2
R2b3 37.Rxb3 Rxb3 38.Rc1 a5 39.a4 Rb4 40.Qg6 Rxc4 41.Rb1 Rb4 42.Rd1 Qc2 43.Rf1
Rf4 44.Rxf4 exf4 45.Qg4 Qxa4 46.Qe2 Qe8 47.Qa6 Qe5 48.Qa8+ Kf7 {#R} 0-1

[Event "It (open)"]
[Site "masterchessopen.com Eindhoven (Netherlands)"]
[Round "0"]
[White "Pieterse Gert (NED)"]
[Black "Langeweg Kick (NED)"]
[Result "1-0"]
[WhiteElo "2400"]
[BlackElo "2309"]

1.d4 Nf6 2.c4 e6 3.Nc3 Bb4 4.e3 O-O 5.a3 Bxc3+ 6.bxc3 c5 7.Bd3 Nc6 8.Ne2 b6
9.e4 Ne8 10.O-O Ba6 11.f4 f5 12.e5 Na5 13.d5 d6 14.dxe6 Qe7 15.g4 g6 16.gxf5
gxf5 17.Ng3 Ng7 18.Ra2 Qxe6 19.Re1 Rad8 20.Rd2 Rde8 21.Bb1 Nxc4 22.Ba2 Kh8
23.Qa4 Nxd2 24.Bxe6 Nf3+ 25.Kf2 Nxe1 26.Qxa6 Rxe6 27.Kxe1 dxe5 28.Kf2 Rf7
29.c4 h6 30.Bb2 {#r} 1-0

[Event "It \"]
[Site "masterchessopen.com London (England)"]
[Round "0"]
[White "Harwar Julie (ENG)"]
[Black "Jackson Sheila (ENG)"]
[Result "1-0"]
[WhiteElo "2050"]
[BlackElo "2245"]

1.d4 Nf6 2.c4 e6 3.Nc3 Bb4 4.a3 Bxc3+ 5.bxc3 c5 6.e3 O-O 7.Bd3 Nc6 8.Ne2 d6
9.O-O e5 10.e4 Re8 11.Qc2 b6 12.f4 Nd7 13.fxe5 dxe5 14.d5 Na5 15.Ng3 g6 16.Qf2
f6 17.Bh6 Re7 18.Be2 Rf7 19.Nh5 gxh5 20.Bxh5 Rg7 21.Bxg7 Kxg7 22.Qh4 Nxc4
23.Rf3 Nd6 24.Raf1 Ba6 25.Rg3+ Kh8 26.Bg6 Qe7 27.Rh3 Nf8 28.Rxf6 Nxg6 29.Rxg6
Qxh4 30.Rxh4 Rf8 31.h3 Nxe4 32.Re6 Nxc3 33.Re7 Bd3 34.d6 Bg6 35.d7 Rd8
36.Rhxh7+ Bxh7 37.Re8+ Rxe8 38.dxe8=Q+ {#r} 1-0

[Event "It (open)"]
[Site "masterchessopen.com London (England)"]
[Round "0"]
[White "Haslinger Gareth (ENG)"]
[Black "Hanreck Alan E (ENG)"]
[Result "0-1"]
[WhiteElo "2305"]
[BlackElo "2268"]

1.d4 Nf6 2.c4 e6 3.Nc3 Bb4 4.a3 Bxc3+ 5.bxc3 c5 6.e3 Nc6 7.Bd3 O-O 8.Ne2 b6
9.O-O Ba6 10.Ng3 Na5 11.e4 Ne8 12.Qe2 Rc8 13.e5 cxd4 14.Qh5 f5 15.exf6 Nxf6
16.Qh4 Bxc4 17.Qxd4 Nb3 18.Bxh7+ Nxh7 19.Qg4 Nf6 20.Qg6 Qe8 {#R} 0-1

[Event "Ch URS (1/2 final)"]
[Site "masterchessopen.com Minsk (Belarus)"]
[Round "0"]
[White "Shereshevski Mikhail (BLR)"]
[Black "Piesina Gintautas (LTU)"]
[Result "1-0"]
[WhiteElo "2475"]
[BlackElo "2390"]

1.d4 Nf6 2.c4 e6 3.Nc3 Bb4 4.e3 c5 5.Bd3 Nc6 6.a3 Bxc3+ 7.bxc3 O-O 8.Ne2 b6
9.e4 Ne8 10.O-O Ba6 11.f4 f5 12.Ng3 Nd6 13.dxc5 bxc5 14.exf5 Nxf5 15.Bxf5 exf5
16.Qd5+ Kh8 17.Be3 Na5 18.Rfe1 d6 19.Rad1 Bxc4 20.Qxd6 Qxd6 21.Rxd6 Rae8
22.Kf2 Nb3 23.Rc6 Rd8 24.Rc7 g6 25.Bxc5 Rd2+ 26.Re2 Bxe2 27.Bxf8 Bb5+ 28.Ke1
Rc2 29.Bh6 Kg8 30.a4 Bd3 31.Rg7+ Kh8 32.Rxa7 Bc4 33.Ra8+ Bg8 34.Ne2 Nc5 35.Kf2
Ra2 36.a5 Ne4+ 37.Ke3 Nf6 38.h3 Nd5+ 39.Kd3 Nc7 40.Ra7 Ne6 41.Nd4 Nc5+ 42.Ke3
Bd5 43.Rc7 Rxa5 44.Rc8+ Bg8 45.Nc6 Ra3 46.Ne7 Rxc3+ 47.Ke2 {#r} 1-0

[Event "?"]
[Site "masterchessopen.com Pula (Croatia)"]
[Round "0"]
[White "Vaisser Anatoly (FRA)"]
[Black "Timoshenko Georgy (UKR)"]
[Result "1-0"]
[WhiteElo "2530"]
[BlackElo "2515"]

1.d4 Nf6 2.c4 e6 3.Nc3 Bb4 4.e3 c5 5.a3 Bxc3+ 6.bxc3 Nc6 7.Bd3 O-O 8.Ne2 b6
9.e4 Ne8 10.Be3 d6 11.O-O Ba6 12.Ng3 Na5 13.Qe2 Qd7 14.e5 f5 15.exf6 Nxf6
16.Bg5 Rae8 17.Bxf6 gxf6 18.Rad1 Kh8 19.Rfe1 f5 20.f4 Qa4 21.d5 Bxc4 22.Bxc4
Qxc4 23.dxe6 Qxe2 24.Rxe2 Nc4 25.Rd5 Rf6 26.e7 Nxa3 27.Nh5 Rf7 28.Rxd6 Nb5
29.Rd8 Nc7 30.Rd7 {#r} 1-0

[Event "Ch URS (qual)"]
[Site "masterchessopen.com Uzhgorod (Ukraine)"]
[Round "0"]
[White "Balashov Yuri S (RUS)"]
[Black "Karpman Vadim (UKR)"]
[Result "1-0"]
[WhiteElo "2540"]
[BlackElo "2490"]

1.d4 Nf6 2.c4 e6 3.Nc3 Bb4 4.e3 c5 5.Bd3 Nc6 6.a3 Bxc3+ 7.bxc3 O-O 8.Nf3 d6
9.e4 e5 10.d5 Ne7 11.h3 Ne8 12.O-O g6 13.Bh6 Ng7 14.Nd2 Kh8 15.Be3 Qc7 16.f4
exf4 17.Bxf4 f6 18.Qf3 Bd7 19.Qg3 Nh5 20.Bxd6 Nxg3 21.Bxc7 Nxf1 22.Rxf1 b6
23.Bd6 Rf7 24.e5 Nc8 25.Bc7 Bf5 26.Bxf5 gxf5 27.d6 fxe5 28.Nf3 e4 29.Ng5 Nxd6
30.Bxd6 Rd7 31.Rxf5 e3 32.Kf1 Rad8 33.Rd5 Kg8 34.Ne4 Kf7 35.Ke2 Rg8 36.Rf5+
{#r} 1-0

[Event "Ch France (qual)"]
[Site "masterchessopen.com France"]
[Round "0"]
[White "Birens Eric-Andre (FRA)"]
[Black "Harovelo Ingmar (FRA)"]
[Result "0-1"]
[WhiteElo "1969"]
[BlackElo "2251"]

1.d4 Nf6 2.c4 e6 3.Nc3 Bb4 4.a3 Bxc3+ 5.bxc3 O-O 6.e3 c5 7.Bd3 Nc6 8.Ne2 b6
9.O-O d6 10.e4 Ba6 11.f4 cxd4 12.cxd4 Na5 13.e5 Ne8 14.f5 exf5 15.Rxf5 g6
16.Rf3 dxe5 17.c5 Bb7 18.Rf1 Qd5 19.Rf2 bxc5 20.dxe5 Ng7 21.Bb2 Ne6 22.Nc3 Qb3
23.Qf1 Rad8 24.Be4 Nc4 25.Bxb7 Nxb2 26.Nb5 Nd3 27.Rb1 Qa4 28.Re2 a6 29.Re4 c4
30.Nd6 Qxa3 31.Qf6 Qc5+ 32.Kf1 c3 33.Rc4 c2 34.Rc1 Qe3 35.R4xc2 Nxc1 36.Bxa6
Nd3 37.Bxd3 Qxd3+ {#R} 0-1

[Event "Tournament"]
[Site "masterchessopen.com Pau (France)"]
[Round "0"]
[White "Marchand Erick (FRA)"]
[Black "Hauchard Arnaud (FRA)"]
[Result "0-1"]
[WhiteElo "2185"]
[BlackElo "2547"]

1.d4 Nf6 2.c4 e6 3.Nc3 Bb4 4.a3 Bxc3+ 5.bxc3 c5 6.e3 O-O 7.Bd3 Nc6 8.Ne2 d6
9.e4 e5 10.d5 Na5 11.O-O b6 12.f4 Ne8 13.fxe5 dxe5 14.Rf3 Nd6 15.Qf1 f5 16.Ng3
f4 17.Ne2 g5 18.Rb1 Ba6 19.Nd4 cxd4 20.cxd4 exd4 21.e5 Nf5 22.g3 Ne3 23.Qh3
Qe7 24.d6 Qg7 25.Qe6+ Kh8 26.d7 Rad8 27.Kh1 Bb7 28.Bxe3 Bxf3+ 29.Kg1 fxe3
30.Bf5 Bc6 {#R} 0-1

[Event "Memorial Hans Klee"]
[Site "masterchessopen.com Zurich (Switzerland)"]
[Round "7"]
[White "Spycher Bernard"]
[Black "Klauser Markus (SUI)"]
[Result "0-1"]
[WhiteElo "2200"]
[BlackElo "2371"]

1.d4 Nf6 2.c4 e6 3.Nc3 Bb4 4.e3 c5 5.a3 Bxc3+ 6.bxc3 O-O 7.Bd3 Nc6 8.Ne2 b6
9.e4 Ne8 10.O-O Ba6 11.f4 f5 12.Ng3 g6 13.Be3 Nd6 14.dxc5 Nxc4 15.Bxc4 Bxc4
16.Rf2 Rf7 17.Rd2 Qc7 18.Rb1 b5 19.Rd6 Nd8 20.exf5 exf5 21.Bd4 Ne6 22.Qe1 Re8
23.Qe5 Ng7 24.Re6 {#R} 0-1

[Event "It (open)"]
[Site "masterchessopen.com Bad Ragaz (Switzerland)"]
[Round "1"]
[White "Gimmel Rolf (SUI)"]
[Black "Leuba Didier (SUI)"]
[Result "0-1"]
[WhiteElo "1841"]
[BlackElo "2219"]

1.d4 e6 2.c4 Nf6 3.Nc3 Bb4 4.a3 Bxc3+ 5.bxc3 c5 6.e3 O-O 7.Bd3 Nc6 8.Ne2 b6
9.O-O Ba6 10.Ng3 Na5 11.Qe2 cxd4 12.cxd4 Rc8 13.d5 Bxc4 14.Bxc4 Nxc4 15.dxe6
dxe6 16.Rd1 Qe7 17.Rd4 Na5 18.Rd3 Rfd8 19.Bb2 Rxd3 20.Qxd3 Rd8 21.Qc3 Qc5
22.Qxc5 bxc5 23.Bxf6 gxf6 24.Ne4 Nb3 25.Rb1 f5 26.Ng5 c4 27.h4 c3 28.Rxb3 c2
{#R} 0-1